000 00382nam a22001577a 4500
003 MPLRDC
005 20220104152604.0
008 210129b ||||| |||| 00| 0 eng d
082 _a829 LX v.2 c.2
100 _a刘勰
245 _a文心雕龙注. 下册
_c
260 _a
_b商务印书馆
_c1960
300 _b
650 _a中国各地文学
942 _cBK
_o829 LX v.2 c.2
999 _c52980
_d52970